Estudios para un cambio social

שמור ב:
מידע ביבליוגרפי
מחבר תאגידי: Instituto de Investigaciones de las Naciones Unidas para el Desarrollo Social
פורמט: Texto
יצא לאור: Ginebra: UNRISD
תגים: הוספת תג
אין תגיות, היה/י הראשונ/ה לתייג את הרשומה!

MARC

LEADER 00000 a a2200000 04500
001 25180
003
040
090 |a 182300  
110 |a Instituto de Investigaciones de las Naciones Unidas para el Desarrollo Social  
245 |a Estudios para un cambio social  
260 |a Ginebra:   |b UNRISD  
300 |a 39 p.   |b fonodiscos  
999 |c 3462  |d 3462